000 01160cab a2200289 4500
001 ABS53361
008 090401t1995 xxu||||| |||| 00| 0 eng d
035 _a(Sirsi) u3741
041 _aeng
100 _aPowell-Smith, V.
245 _aSetting-off on the wrong form
260 _c1995
350 _a0
490 _aContract Journal
_v379(6035) 27 July 1995, 17(1)
520 _aIn a discussion of set-off and counterclaims for defective work the author considers Lord Denning`s obiter dicta in "Dawnays Ltd v F.G. Minter Ltd" (1971) and its overruling in the HL "Modern Engineering (Bristol) Ltd v Gilbert-Ash (Northern) Ltd" (1974), which held that it was untenable that rights of set-off or counterclaim could not be raised against interim certificates.
650 _aDAWNAYS LTD V F G MINTER LTD
650 _aDEFECTIVE WORK
650 _aDELAY
650 _aINTERIM CERTIFICATES
650 _aMODERN ENGINEERING V GILBERT-ASH
650 _aMONDEL V STEEL
650 _aMOTRAM CONSULTANTS V BERNARD SUNLEY AND SONS LTD
650 _aSET-OFF
690 _aBUILT ENVIRONMENT-BUILDING CONTRACT FORMS
942 _n0
948 _c04/03/1997
999 _c2283
_d2283